00593cam a22002411 4500001001300000003000400013005001700017008004100034010001700075035002000092040001800112042001200130043001200142050001700154100003000171245002400201260001000225300002900235500001400264504003100278651002500309999001700334sa 68007529 DLC20260227112523.0900124m19639999ii ab b 000 0 hino  asa 68007529  a(OCoLC)20950996 aDLCcWaUdDLC apremarc aa-ii---00aDS423b.S3221 aŚarmā, Rāmalakhana.10aHamārā atīta. c1963- av.billus., map.c23 cm. aIn Hindi. aBibliographical footnotes. 0aIndiaxCivilization. c81872d81872